| 000 | 00680nam a2200169 a 4500 | ||
|---|---|---|---|
| 008 | 120416s1961 ||||||||||||||||| || u | ||
| 050 | _aHD 1375 Rat | ||
| 100 | _aRatcliff, Richard U | ||
| 245 | 1 | 0 | _aReal estate analysis |
| 260 |
_aNew York _bMcGraw-Hill _c1961 |
||
| 300 | _avii, 342p. : ill | ||
| 350 | _a0.00 | ||
| 650 | _aESTATE | ||
| 650 | _aREAL ESTATE--ANALYSIS | ||
| 995 |
_aMAIN LIBRARY OPEN ACCESS _D0.00 _e708140 _FCBU-MAIN LIBRARY (Kitwe) _H1 _I14.75 _jHD 1375 Rat _M2 _ULOST _y708140 _ZMain Library Open Access Collection |
||
| 995 |
_aBINDERY (DAMAGED) _D0.00 _e708884 _FCBU-MAIN LIBRARY (Kitwe) _H2 _I14.75 _jHD 1375 Rat _M1 _UDAMAGED _y018031 _ZMain Library Open Access Collection |
||
| 999 |
_c79987 _d79987 |
||